[Event "Veterans-Women"]
[Site "Monte Carlo"]
[Date "1994.??.??"]
[Round "5"]
[White "Arakhamia Grant, Ketevan"]
[Black "Hort, Vlastimil"]
[Result "1-0"]
[WhiteElo "2485"]
[BlackElo "2535"]
[Annotator "Schlosser,P"]
[PlyCount "81"]
[EventDate "1994.06.??"]
[EventType "schev"]
[EventRounds "6"]
[EventCountry "MNC"]
[SourceTitle "CBM 042"]
[Source "ChessBase"]
[SourceDate "1994.10.01"]
[SourceVersion "1"]
[SourceVersionDate "1994.10.01"]
[SourceQuality "1"]

1. e4 c5 2. Nf3 d6 3. d4 cxd4 4. Nxd4 Nf6 5. Nc3 Nc6 6. Bg5 e6 7. Qd2 a6 8.
O-O-O h6 9. Be3 Bd7 10. f3 Be7 (10... b5 11. Nxc6 Bxc6 12. Qf2 Qc7 13. Kb1 Be7
14. g4 $2 d5 15. Bb6 Qb7 16. e5 Nxg4 $1 $17 {Leko,P-Kortchnoi,V/Dortmund (03)/
1994/ CBM42}) 11. Kb1 Qc7 12. g4 Ne5 13. h4 b5 14. Bd3 Qb7 (14... b4 15. Nce2
Nc4 16. Bxc4 Qxc4 17. Ng3 O-O-O 18. b3 Qc3 19. Qxc3+ bxc3 20. Rd3 $16 {Ciemiak,
R-Littke,A/WchJ-Buenos Aires/1992/0,5 (33)}) (14... Rb8 15. g5 hxg5 (15... Ng8
16. f4 $16 {Radulov,I-Ivanovic,B/Plovdiv/1977/1-0 (33)}) 16. hxg5 Nh5 17. Qg2
g6 18. f4 Nc4 19. Bc1 b4 20. Nce2 $16 {Prichett,C-Csom,I/Pula/1975/1-0 (34)})
15. g5 hxg5 16. hxg5 Nh5 17. f4 Nxd3 18. cxd3 $16 {Ebenso wie in den zuvor
zitierten Partien geht Schwarz hier an seinem schlecht postierten
Königsspringer zugrunde.} g6 19. Rc1 Rc8 20. f5 b4 21. Nce2 Rxc1+ 22. Qxc1 e5
23. Nb3 Qb5 (23... gxf5 $5 24. Ng3 f4 25. Nxh5 fxe3 26. Ng7+ Kf8 27. Rxh8+ Kxg7
28. Rh5 $16) 24. Qd1 d5 (24... gxf5 25. Ng3 f4 26. Nxh5 fxe3 27. Ng7+ Kf8 28.
Rxh8+ Kxg7 29. a4 $1 $40 bxa3 $140 30. Qh5 Qxd3+ 31. Ka2 Bxg5 32. Rh7+ Kf6 33.
Qxf7#) 25. Ng3 a5 26. fxg6 fxg6 27. Nxh5 gxh5 28. Rxh5 Rg8 (28... Rf8 29. g6
dxe4 30. g7 Rg8 31. Rh8 Be6 32. dxe4 a4 33. Nc1 $18) 29. Nc1 dxe4 30. Qb3 $1
$18 Rg6 31. Rh8+ Bf8 32. Qc2 Be6 (32... exd3 33. Qc5) 33. Qc7 Rg8 34. Rh7 Bd7
35. Bb6 Bg7 36. g6 Ke7 37. Bc5+ Ke8 38. Qd6 Kd8 39. Bb6+ Ke8 40. Bc5 Kd8 41.
Qd5 1-0

[Event "Canadian op"]
[Site "Edmonton"]
[Date "2009.07.14"]
[Round "4"]
[White "Mulyar, Michael A"]
[Black "Bluvshtein, Mark"]
[Result "0-1"]
[WhiteElo "2390"]
[BlackElo "2558"]
[Annotator "Shabalov,A"]
[PlyCount "52"]
[EventDate "2009.07.11"]
[EventType "swiss"]
[EventRounds "9"]
[EventCountry "CAN"]
[SourceTitle "CBM 132 Extra"]
[Source "ChessBase"]
[SourceDate "2009.11.03"]
[SourceVersion "1"]
[SourceVersionDate "2009.11.03"]
[SourceQuality "1"]

1. e4 c5 2. Nf3 d6 3. d4 cxd4 4. Nxd4 Nf6 5. Nc3 Nc6 6. Bg5 e6 7. Qd2 Be7 8.
O-O-O a6 9. f4 Nxd4 10. Qxd4 b5 11. Bxf6 gxf6 12. f5 Qa5 {A rare move, which
draws a natural reaction from Michael - to punish it right away.} (12... Bd7 {
is much more common} 13. Kb1 Qc7 14. Be2 Qc5 15. Qxc5 dxc5 16. Bh5 Rd8 17. fxe6
Bxe6 18. Nd5 Bxd5 19. exd5 Rg8 20. Bf3 Bd6 21. c3 Kd7 22. Kc2 Rde8 23. a4 b4
24. Kd3 Be5 25. Kc4 Rb8 26. d6 Bxd6 27. Rd5 Rg5 28. Rhd1 Rxd5 29. Rxd5 h6 30.
Rh5 Bf8 31. h3 bxc3 32. bxc3 Rb1 33. Be4 Ra1 34. Bc2 Rg1 35. Be4 Ra1 36. Bc2
Rg1 37. Be4 Ra1 {1/2 Leko,P (2751)-Mamedyarov,S (2725)/Nalchik RUS 1/2 Leko,P 
(2751)-Mamedyarov,S (2725)/Nalchik RUS}) 13. fxe6 fxe6 14. e5 $5 fxe5 15. Qg4 {
White is very creative in his attempts to get closer to black king.This is
typical sicilian middlegame where black must be able to hold the balance with
precise defence.Both players are doing a good job for a while.} Bd7 16. Qg7 Rf8
17. Be2 Qb4 18. Bh5+ Kd8 19. Rhf1 Rxf1 20. Rxf1 Bc6 21. Bg4 Qc4 $2 {It is
often the case when the change of heart in the middle of variation produces
the losing move.With his previous move black prepared Kd7,but decided to
"improve" on variation.It was imperative for rook a8 to join the defence} (
21... Kd7 22. Rf6 Re8 {with unclear position}) 22. Rf7 Ra7 23. Qg8+ Be8 24. Rf3
$2 {It takes white two blunders in a row to throw the game away when he was
one step away from the victory.} (24. Bh5 Qh4 25. Rf5 $3 exf5 26. Qxe8+ Kc7 27.
Nd5+ Kb7 28. Qxe7+ Qxe7 29. Nxe7 $18) 24... e4 25. Bh5 $2 (25. Bxe6 Qc5 26. Rf1
Rc7 {worst is over for black,but no more than that.}) 25... Kc7 $1 {This
particular move order must have been missed by white.His queen gets overloaded
and he suffers heavy material losses.} 26. Qxh7 Kb6 $1 0-1

[Event "St Petersburg op"]
[Site "St Petersburg"]
[Date "1995.??.??"]
[Round "3"]
[White "Petrushin, Alexander I"]
[Black "Serper, Grigory"]
[Result "1/2-1/2"]
[WhiteElo "2485"]
[BlackElo "2585"]
[Annotator "Shipov,S"]
[PlyCount "81"]
[EventDate "1995.05.??"]
[EventType "swiss"]
[EventRounds "9"]
[EventCountry "RUS"]
[SourceTitle "CBM 046 Extra"]
[Source "ChessBase"]
[SourceDate "1995.07.01"]
[SourceVersion "1"]
[SourceVersionDate "1995.07.01"]
[SourceQuality "1"]

1. e4 c5 2. Nf3 d6 3. d4 cxd4 4. Nxd4 Nf6 5. Nc3 Nc6 6. Bg5 e6 7. Qd2 a6 8.
O-O-O h6 9. Be3 Be7 10. Be2 (10. f4) (10. f3) (10. Kb1) 10... Nxd4 (10... Bd7
11. f4 b5 12. Bf3 Rc8 13. Kb1 Qc7 14. Nb3 b4 (14... Rb8 15. g4 b4 16. Ne2 g5 $5
17. e5 $1 dxe5 18. fxg5 hxg5 19. Bxg5 e4 20. Bxf6 Bxf6 21. Bxe4 $14 {Oll,
L-Lerner,K/URS/1986/}) 15. Na4 Na5 16. Nb6 Nc4 17. Nxc4 Qxc4 18. Nd4 $14 h5 19.
e5 $1 $36 {Oll,L-Lanka,Z/URS/1986/}) 11. Qxd4 e5 (11... Bd7 $5 12. f4 (12. e5
dxe5 13. Qxe5 Qc8 $1 $10) 12... Bc6 13. g4 $6 (13. Bf3 $32) 13... Nd7 $1 14.
Bf3 (14. Qxg7 Bf6) 14... b5 15. h4 Qa5 $132 {De La Villa,G-Benjamin,J/Szirak/
1987/}) 12. Qb4 $5 {N/} (12. Qa4+ $6 Bd7 13. Qb3 b5 $1 14. f4 Be6 15. Nd5 Bxd5
16. exd5 Nd7 $1 17. Kb1 Bf6 18. f5 Qe7 19. g4 Bg5 $17 {Aseev,K-Makarichev,S/
Moscow/1982/}) (12. Qb6 Qxb6 $8 13. Bxb6 Be6 14. f3 Rc8 15. a4 Bd8 $2 (15...
Bc4 $1) 16. Rxd6 Be7 17. Rdd1 Bb4 18. Nd5 Bxd5 19. exd5 Ke7 20. Kb1 $16 {
Malisauskas,V-Epishin,V-URS/1987/}) 12... d5 $1 (12... O-O $2 13. Bb6 Qd7 14.
Qb3 $1 {/\Bc4+/-/}) 13. Bc5 d4 14. Nd5 (14. Na4 $6 Bxc5 $1 (14... Nxe4 15. Bxe7
Qxe7 16. Qxe7+ Kxe7 17. Nb6 Rb8 18. Rde1 $1 $16) 15. Qxc5 Qe7 $1 $15) 14...
Nxd5 (14... Bxc5 15. Qxc5 Nxe4 $2 16. Nc7+ Kd7 17. Bg4+ $18) 15. exd5 Bxc5 (
15... Bg5+ 16. Kb1 Qxd5 17. Bf3 $36) 16. Qxc5 Bf5 $1 (16... Qe7 17. d6 $1) 17.
Rhe1 (17. d6 Qg5+ 18. Rd2 $1 (18. Kb1 O-O $17)) 17... Qg5+ (17... Rc8 $2 18.
Bb5+ axb5 19. Rxe5+ Be6 20. Qxb5+ $18) 18. Kb1 (18. Rd2 Rc8 19. Bb5+ axb5 20.
Rxe5+ Kd7 21. Qxb5+ Kd6 $19) 18... Rc8 19. Bb5+ $8 axb5 20. Rxe5+ Kd7 21. Qxb5+
Kd6 (21... Kc7 22. Rxf5 Qxf5 23. d6+ $18) 22. Re2 $8 Rxc2 $1 (22... Kc7 23.
Rxd4 (23. h4 Qf6 24. d6+ Kxd6 25. Qb6+ Kd5 $13) 23... Kb8 24. Rb4 Rc7 25. d6
Rd7 26. Re7 $1 $40) 23. Rxc2 Bxc2+ (23... Rc8 $2 24. Qb6+ Kd7 25. Qxb7+ Kd8 26.
Rdc1 $16) 24. Kxc2 Qf5+ (24... Rc8+ 25. Kb1 Qf5+ 26. Ka1 Qxd5 27. Qb4+ Kd7 28.
a3 $16) 25. Kb3 Qxd5+ 26. Qxd5+ Kxd5 27. Re1 $1 Rc8 $1 (27... Kd6 28. Kc4 Rc8+
29. Kd3 $1 $16) 28. Re7 d3 29. Rd7+ (29. Rxf7 Rc1) (29. Rxb7 Ke6 30. Rb6+ Ke5
31. Rb5+ Ke6 $10) 29... Ke4 30. Rxf7 (30. Rxb7 Rd8 31. Re7+ Kd4 32. Rxf7 Rb8+
33. Ka3 Ra8+ $10) 30... Rc1 $10 31. Re7+ Kf4 32. Rd7 Ke4 33. a4 b6 34. h4 g5
35. hxg5 hxg5 36. Rd6 g4 37. g3 Rf1 38. Kc3 Rc1+ 39. Kb3 Rf1 40. Kc3 Rc1+ 41.
Kb3 1/2-1/2

[Event "RUS-Cup01 Chigorin Memorial"]
[Site "St Petersburg"]
[Date "1996.??.??"]
[Round "8"]
[White "Mozaliov, Sergey V"]
[Black "Galliamova, Alisa"]
[Result "0-1"]
[WhiteElo "2300"]
[BlackElo "2475"]
[Annotator "Shipov,S"]
[PlyCount "84"]
[EventDate "1996.11.??"]
[EventType "swiss"]
[EventRounds "9"]
[EventCountry "RUS"]
[SourceTitle "CBM 056 Extra"]
[Source "ChessBase"]
[SourceDate "1997.03.01"]
[SourceVersion "1"]
[SourceVersionDate "1997.03.01"]
[SourceQuality "1"]

1. e4 c5 2. Nf3 Nc6 3. d4 cxd4 4. Nxd4 Nf6 5. Nc3 d6 6. Bg5 e6 7. Qd2 a6 8.
O-O-O h6 9. Be3 Be7 10. f4 Bd7 11. Bd3 (11. h3) (11. Kb1) 11... Ng4 (11... b5)
12. Bg1 (12. Nxc6 bxc6 13. Bg1 Qc7 14. h3 Nf6 15. g4 c5 16. g5 hxg5 17. fxg5
Ng4 18. Be2 Ne5 19. h4 g6 $10 {Timoshenko,G-Shirov,A/Tbilisi/1989/1:0/40/})
12... Nxd4 13. Bxd4 e5 14. Bg1 exf4 15. Nd5 (15. Qxf4 $2 Bg5) 15... Ne3 $8 16.
Nxe3 fxe3 17. Bxe3 Be6 18. Kb1 O-O (18... Bf6 19. Be2 Be5 20. g4 Qd7 21. Bd4
Qc6 22. Qe3 Rc8 23. Rd2 O-O 24. h4 f5 $1 25. gxf5 Bxf5 26. Bd3 Bg4 $15 {
Joecks,C-Kaminski,U/GER/1991/0.5/57/}) 19. h3 (19. Rhf1 Bf6 20. Be2 Be5 21. Bf4
Qe8 $6 (21... Qb6 22. Bxe5 dxe5 $13) 22. Bxe5 dxe5 23. Qb4 Rc8 24. Rd6 (24.
Qxb7 $2 Bxa2+ 25. Kxa2 Qa4+ 26. Kb1 Qxc2+ $17) 24... Qe7 25. Rfd1 Qh4 (25...
Rc6 26. a3) 26. Qxb7 Qf2 27. R6d2 Qxg2 28. Bxa6 $16 {Van Den Doel,E-Riemersma,
L/NED/1995/1:0/56/}) 19... Bf6 $10 20. Rhf1 Qe7 (20... Qc7 $2 21. Rxf6 $1 $16)
(20... Be5 $5) 21. Bf4 Rac8 (21... Rfc8 $5) 22. Qb4 Rc5 $5 (22... Rc6 23. e5 $5
) 23. Bxa6 $2 (23. Be3 Rc6 24. Bd4 $1 $14) 23... Bxa2+ 24. Kxa2 Ra8 25. Rxd6 $2
(25. Bxd6 $2 Rxa6+ 26. Kb1 Rxd6 27. Qxc5 Rxd1+ $19) (25. c3 $2 Rxa6+ 26. Kb1
Qe6 $1 $40) (25. Kb1 $1 Rxa6 26. Rd5 $1 Qe8 $1 $17 {>< Kb1,e4/}) 25... Rxc2 $1
26. e5 Rxa6+ 27. Kb1 Rxd6 28. Qxd6 (28. Kxc2 Rc6+ 29. Kb3 Qe6+ $19) 28... Rxb2+
$1 29. Kc1 (29. Kxb2 Qxd6 $19) 29... Ra2 (29... Rxg2 $5 $19) 30. Rd1 (30. exf6
Qe2 $19) 30... Qxd6 31. exd6 Ra1+ $1 32. Kc2 Rxd1 33. Kxd1 Kf8 $19 34. Ke2 Ke8
35. Kd3 Kd7 36. Kc4 Kc6 37. Bg3 h5 38. Bf4 g5 39. Bg3 h4 40. Bh2 Bg7 41. g4
hxg3 42. Bxg3 f5 0-1

[Event "Moscow-ch op"]
[Site "Moscow"]
[Date "1995.??.??"]
[Round "2"]
[White "Saulin, Dmitri"]
[Black "Korotylev, Alexey"]
[Result "1-0"]
[WhiteElo "2345"]
[BlackElo "2450"]
[Annotator "Shipov,S"]
[PlyCount "71"]
[EventDate "1995.??.??"]
[EventType "swiss"]
[EventRounds "11"]
[EventCountry "RUS"]
[SourceTitle "EXT 1997"]
[Source "ChessBase"]
[SourceDate "1996.11.15"]
[SourceVersion "1"]
[SourceVersionDate "1996.11.15"]
[SourceQuality "1"]

1. e4 c5 2. Nf3 Nc6 3. d4 cxd4 4. Nxd4 Nf6 5. Nc3 d6 6. Bg5 e6 7. Qd2 a6 8.
O-O-O h6 9. Be3 Be7 10. f3 Nxd4 11. Bxd4 b5 12. Kb1 Rb8 13. Qe3 $5 (13. e5 dxe5
14. Bxe5 Qxd2 15. Rxd2 Rb7 $10) (13. Qf2 Qa5 14. h4 (14. e5 $2 b4 $1 15. exf6
bxc3 $17) 14... b4 15. Ne2 e5 16. Ba7 Rb7 17. Nc1 Be6 18. Nb3 (18. g4 d5 $1
$132) 18... Qc7 19. Be3 a5 $10 {Hjartarson,J-Serper,G/Lucerne/1993/0,5/25/})
13... Bd7 $1 {/\ b4/} (13... b4 14. Na4 Qc7 (14... Bd7 15. Nb6 Bb5 16. Nc4 Qc7
17. Nxd6+ Bxd6 18. e5 Nd5 19. exd6 Qxd6 20. Qe5 $14 {Annageldiev,O-Serper,G/
Calcutta/1995/0,5/39/}) 15. Ba7 $1 Rb7 16. Bb6 Qc6 17. b3 O-O 18. Bd4 e5 19.
Bb2 Bd7 20. h4 Qc7 21. g4 Bxa4 22. bxa4 Nd7 23. Bxa6 $14 {Anand,V-Serper,G/
Groningen/1993/1:0/34/}) 14. e5 dxe5 15. Bxe5 Rb7 (15... Qb6 $142 $1 16. Qf4
Rb7 $132 {/\ 0-0/}) 16. g4 Qc8 (16... Qa5 17. Ne4 $1 Nd5 $140 $2 18. Rxd5 $1
exd5 19. Nd6+ Bxd6 20. Bc3+ $18) 17. h4 Bc6 (17... O-O $2 18. g5 $40) 18. Be2
Rg8 $6 (18... b4 $1 19. Ne4 Nxe4 20. fxe4 f6 $13) 19. g5 hxg5 20. hxg5 Nd5 (
20... Nd7 $142 $1 $14) 21. Nxd5 Bxd5 22. Bxg7 $1 $16 Rd7 (22... Rxg7 23. Rh8+
Bf8 24. Rxd5 $16) 23. Bf6 Qd8 24. Qe5 Qc7 25. Qe3 Bc5 26. Qc3 Be7 27. Qe1 Bxf6
(27... Qf4 28. Qa5 $1 $16) (27... Qc6 $1 $132) 28. gxf6 Qf4 29. Qg1 $1 Rf8 30.
Qg7 {/\ 31.Qf8!+-/} Qb4 31. Rh8 Rd8 32. a3 Qc5 33. b4 $1 Qd6 34. c4 $18 bxc4
35. Bxc4 Rxh8 36. Bxd5 (36. Bxd5 exd5 (36... Rf8 37. Bc6+ $1 Qxc6 38. Qxf8+
Kxf8 39. Rxd8+ $18) 37. Qxh8+ Kd7 38. Qh5 $40) 1-0

[Event "Ankara zt"]
[Site "Ankara"]
[Date "1995.??.??"]
[Round "7"]
[White "Nikolaidis, Ioannis"]
[Black "Atalik, Suat"]
[Result "0-1"]
[WhiteElo "2505"]
[BlackElo "2500"]
[Annotator "Shipov,S"]
[PlyCount "82"]
[EventDate "1995.??.??"]
[EventType "swiss"]
[EventRounds "9"]
[EventCountry "TUR"]
[SourceTitle "CBM 049 Extra"]
[Source "ChessBase"]
[SourceDate "1996.01.01"]
[SourceVersion "1"]
[SourceVersionDate "1996.01.01"]
[SourceQuality "1"]

1. e4 c5 2. Nf3 d6 3. d4 cxd4 4. Nxd4 Nf6 5. Nc3 Nc6 6. Bg5 e6 7. Qd2 a6 8.
O-O-O h6 9. Bf4 Bd7 10. Nxc6 Bxc6 11. f3 d5 12. Qe1 Bb4 13. a3 Ba5 14. Bd2 d4
15. e5 Qc7 16. Nb1 $2 {/\16...Bd2 17.Nd2 Nd7 18.Nc4+/-/} (16. exf6 dxc3 17.
Bxc3 Bxc3 18. Qxc3 Qf4+ 19. Rd2 Qxf6 20. Qxf6 gxf6 $10 {Yudasin,L-Lerner,K/
Moscow/1992/0,5/28/}) (16. Nb5 Bxd2+ (16... axb5 $2 17. Bxa5 Rxa5 18. exf6 gxf6
19. Rxd4 $16) 17. Qxd2 Qxe5 18. Re1 Qb8 19. Nxd4 O-O $1 20. Nxc6 bxc6 $10 {
Svidler,P-Lerner,K/St-Peterburg op/1993/0:1/39/}) (16. Ne2 Bxd2+ 17. Qxd2 Qxe5
18. Nxd4 Bd7 (18... O-O $32) 19. Bc4 O-O 20. Bb3 Qc7 21. h4 Rad8 22. Qe3 $14 {
Tiviakov,S-Tukmakov,V/Rostov/1993/1:0/38/}) 16... Ba4 $1 17. b3 (17. Bd3 Bxd2+
18. Nxd2 Bxc2 $1 19. Bxc2 Rc8 $1 $36) 17... Bxb3 18. Bd3 Bxd2+ (18... Bxc2 $2
19. Bxa5) 19. Kxd2 (19. Nxd2 $2 Bxc2 $19) 19... Bd5 $1 {N/} (19... Qa5+ 20. Kc1
) (19... Bxc2 20. Bxc2 (20. Rc1 $5) 20... Nd7 21. Rc1 Nc5 22. Ke2 d3+ $1 23.
Bxd3 Qxe5+ 24. Be4 $8 Nxe4 25. fxe4 Qxe4+ 26. Kf2 Qf4+ 27. Ke2 Qe4+ $10 {
De La Villa Garcia,J-Huzman,A/San Sebastian/1993/0,5/48/}) 20. exf6 Qf4+ 21.
Ke2 Bxf3+ $1 22. gxf3 Qe3+ $8 23. Kf1 Qxf3+ 24. Qf2 (24. Kg1 gxf6 25. Qg3 $8
Qxd1+ 26. Kg2 Qh5 $17) 24... Qxd1+ 25. Kg2 Qg4+ 26. Qg3 Qxg3+ 27. hxg3 gxf6 $17
28. Nd2 (28. a4 $5) 28... b5 29. Nb3 (29. a4 bxa4 30. Ra1 Ke7 31. Rxa4 Rhd8 32.
Bxa6 Rd6 $17) 29... e5 30. Nc5 Ke7 31. g4 a5 32. Kf3 (32. Bxb5 $2 Rac8 $19)
32... Rab8 33. Bf5 (33. Rb1 h5 $1) 33... Rb6 34. Rb1 $2 (34. Ke2 $32 $17 Rc6
35. Nb3 a4 36. Nc1 $1 {/\Na2-b4/}) 34... h5 $1 35. Nd7 hxg4+ 36. Bxg4 Rc6 $1
$19 37. Rxb5 (37. Bf5 Rh5) 37... Rc3+ 38. Ke4 Rh4 39. Kd5 $1 Rc7 $1 (39... Rxg4
$2 40. Rb7 $1 $132) 40. Bf5 Rf4 41. Bh3 d3 $1 0-1

[Event "Buenos Aires Sicilian"]
[Site "Buenos Aires"]
[Date "1994.10.20"]
[Round "7"]
[White "Ivanchuk, Vassily"]
[Black "Shirov, Alexei"]
[Result "1/2-1/2"]
[WhiteElo "2695"]
[BlackElo "2740"]
[Annotator "Shirov,A"]
[PlyCount "45"]
[EventDate "1994.10.12"]
[EventType "tourn"]
[EventRounds "14"]
[EventCountry "ARG"]
[EventCategory "18"]
[SourceTitle "CBM 044"]
[Source "ChessBase"]
[SourceDate "1995.02.01"]
[SourceVersion "1"]
[SourceVersionDate "1995.02.01"]
[SourceQuality "1"]

1. e4 c5 2. Nf3 Nc6 3. d4 cxd4 4. Nxd4 Nf6 5. Nc3 d6 6. Bg5 e6 7. Qd2 a6 8.
O-O-O h6 9. Be3 Qc7 10. f4 Bd7 11. Be2 $5 b5 12. Bf3 Rb8 $5 (12... Rc8 13. Nb3
{Tukmakov,V-Csom,I/Amsterdam/1974/}) 13. Nxc6 $5 (13. g4 Na5 $1) 13... Bxc6 14.
Bd4 $1 e5 $1 (14... b4 15. Bxf6 gxf6 16. Ne2 h5 $14) 15. Be3 (15. Qe1 $5 Rc8 $1
$10 (15... exd4 $140 16. e5 $1 $40)) (15. Bf2 $5) 15... Be7 (15... b4 $6 16.
Nd5 Bxd5 17. exd5 e4 18. Be2 b3 19. axb3 Rxb3 20. Kb1 Rb8 21. Bxa6 $16) 16. Kb1
(16. g4 b4 17. Nd5 Bxd5 18. exd5 b3 $1 19. axb3 exf4 20. Bxf4 Rxb3 $132) (16.
Nd5 Bxd5 17. exd5 exf4 (17... Nd7 $5 18. Bg4 Nb6 19. Bxb6 Rxb6 $10) 18. Bxf4
O-O 19. Rhe1 Rfe8 $10) 16... O-O 17. Rhe1 Nd7 (17... b4 $5 18. Nd5 Bxd5 19.
exd5 Nd7 20. Qd3 $1 Rb5 21. Bg4 $36) 18. Ne2 (18. Nd5 Bxd5 19. Qxd5 exf4 20.
Bxf4 Nb6 21. Qd4 Nc4 $1 22. e5 $1 dxe5 23. Bxe5 Nxe5 24. Qxe5 Qxe5 25. Rxe5 Bf6
$10) (18. f5 $5 Rfc8 19. Re2 Nb6 20. Bxb6 Rxb6 $13) 18... Nb6 19. Bxb6 Rxb6 20.
Ng3 Bh4 $5 (20... Rd8 21. Nf5 Bf6 22. g3 (22. Nxd6 $4 Bb7 $19) 22... b4 $13)
21. Rf1 (21. Re2 $5) 21... Bxg3 22. hxg3 Bb7 23. Qa5 (23. Qa5 Rc8 24. Rf2 Qc5
25. Rfd2 $10) 1/2-1/2

[Event "Rishon Le Ziyyon"]
[Site "Rishon Le Ziyyon"]
[Date "1996.??.??"]
[Round "3"]
[White "Shmuter, Leonid"]
[Black "Greenfeld, Alon"]
[Result "1-0"]
[WhiteElo "2490"]
[BlackElo "2560"]
[Annotator "Shmuter,L"]
[PlyCount "67"]
[EventDate "1996.02.??"]
[EventType "tourn"]
[EventRounds "9"]
[EventCountry "ISR"]
[EventCategory "13"]
[SourceTitle "CBM 053"]
[Source "ChessBase"]
[SourceDate "1996.08.01"]
[SourceVersion "1"]
[SourceVersionDate "1996.08.01"]
[SourceQuality "1"]

1. e4 c5 2. Nf3 d6 3. d4 cxd4 4. Nxd4 Nf6 5. Nc3 Nc6 6. Bg5 e6 7. Qd2 a6 8.
O-O-O h6 9. Be3 Be7 10. f4 Nxd4 11. Bxd4 b5 12. Bd3 Bb7 13. Kb1 O-O 14. Rhe1 b4
15. Na4 Bc6 16. Nb6 Rb8 17. Nc4 Nxe4 18. Bxe4 Bxe4 19. Rxe4 d5 20. Re3 dxc4 21.
Qe2 Qc8 22. f5 $2 (22. Rg3 g6 23. Qh5 $13) 22... Bg5 $1 23. f6 Bxe3 $1 (23...
g6 $2 24. Re4 $44) 24. Qxe3 Rd8 25. fxg7 Kh7 26. Rf1 f5 27. Rf4 (27. Rf3 Qd7
28. Rh3 Qxg7 $1 29. Bxg7 Rd1+ 30. Qc1 Rxc1+ 31. Kxc1 Kxg7 $19) 27... Rd6 $1 $19
(27... Qd7 28. Rh4 Qxg7 29. Bxg7 Rd1+ 30. Qc1 Rxc1+ 31. Kxc1 Kxg7 32. Rxc4 $10)
28. Qe5 (28. Rh4 e5 29. Qxe5 Qe6 $19) 28... Qd7 29. Rh4 Qe7 30. Qf4 $2 e5 $1
31. g8=Q+ (31. Qxf5+ Kg8 $19) 31... Kxg8 32. Qg3+ Qg5 $2 (32... Kh7 $1 $19) 33.
Qxe5 Qxh4 $4 (33... Rbd8 $44) 34. Qg7# {#/} 1-0

[Event "Interzonal-14a"]
[Site "Subotica"]
[Date "1987.??.??"]
[Round "9"]
[White "Short, Nigel D"]
[Black "Rodriguez Cespedes, Amador"]
[Result "1-0"]
[WhiteElo "2615"]
[BlackElo "2495"]
[Annotator "Short,N"]
[PlyCount "61"]
[EventDate "1987.06.??"]
[EventType "tourn"]
[EventRounds "17"]
[EventCountry "YUG"]
[EventCategory "11"]
[SourceTitle "CBM 003"]
[Source "ChessBase"]
[SourceDate "1988.04.01"]
[SourceVersion "1"]
[SourceVersionDate "1988.04.01"]
[SourceQuality "1"]

1. e4 c5 2. Nf3 d6 3. d4 cxd4 4. Nxd4 Nf6 5. Nc3 Nc6 6. Bg5 e6 7. Qd2 a6 8.
O-O-O h6 9. Be3 Be7 10. f4 Nxd4 11. Bxd4 b5 12. Be2 b4 (12... Bb7 13. Bf3 b4
14. Bxf6 Bxf6 15. Ne2 Qa5 16. a3 $16) 13. Na4 Nxe4 14. Qe3 Nf6 15. Bf3 d5 16.
Kb1 $5 (16. g4 $5 O-O 17. Nb6 (17. h4) 17... Rb8 18. Kb1 {-> 16.Kb1} (18. h4
Bd6 $1 (18... e5 $2 19. Nxc8) 19. g5 Qc7)) 16... O-O (16... h5 17. f5) 17. Nb6
Rb8 18. g4 Bd6 $6 (18... Qc7 19. g5 hxg5 20. fxg5 Ne4 21. Bxe4 dxe4 22. Rhg1
$16 (22. Nxc8 Rfxc8 23. Qxe4 Qc6)) (18... Nd7 $142 19. Nxd7 Bxd7 20. h4 Bf6 21.
g5 Bxd4 22. Rxd4 $40) 19. g5 hxg5 20. fxg5 Nd7 21. Nxc8 Rxc8 22. g6 $16 Qe7 (
22... e5 23. Bxd5 exd4 24. gxf7+ Rxf7 25. Bxf7+ Kxf7 26. Qxd4 $18) 23. Bg4 $1
Rfe8 (23... f5 24. Qh3 Nf6 25. Bxf6 gxf6 26. g7 Kxg7 (26... Qxg7 27. Bxf5) 27.
Rhg1 $18) (23... Rce8 24. Qh3 fxg6 25. Rde1 Rf5 26. Bxf5 gxf5 27. Bxg7 $18) 24.
gxf7+ Qxf7 25. Rdf1 Qg6 26. Rhg1 Bf8 (26... Bc5 27. Bxe6+ Rxe6 28. Qd2 (28. Qh3
Rce8 29. a4 b3 30. Qxb3 Qh7 31. Rxg7+ Qxg7 32. Bxg7 Kxg7 33. Qxd5 $16) 28...
Qh7 29. Rxg7+ Qxg7 30. Bxg7 Kxg7 31. Qg5+ Rg6 32. Qxd5 Rd6 (32... Rd8 33. Rf7+
Kh6 34. Qd2+ Kh5 35. Rf5+ Kh4 36. Qf4+ Kh3 37. Qf3+) 33. Qf7+ (33. Rf7+ Kg8)
33... Kh6 (33... Kh8 34. Qh5+ Kg8 35. Qg4+ Kh8 36. Rf7 $18) 34. Qf4+ Kh5 (34...
Kh7 35. Qf5+) 35. Qf5+ Kh6 36. Qh3+ Kg7 37. Qg4+ Kh6 (37... Kh8 38. Rf7 $18)
38. a3 Rf8 39. Rxf8 Nxf8 40. axb4 $1 $18) 27. Bf5 $1 $18 exf5 28. Rxg6 Rxe3 29.
Bxe3 Ne5 30. Rxa6 g6 31. Re6 1-0